Družina Horských šelem. Vpád Nekromantů /
Pokračování české fantasy série, ve které se strhne válka mezi lidstvem a nemrtvými. Družina horských šelem má zachránit svět.
Uloženo v:
| Série: | Družina Horských šelem,
část 6 |
|---|---|
| Hlavní autor: | |
| Médium: | E-kniha |
| Jazyk: | Czech |
| Vydáno: |
Praha :
Jonathan Livingston,
2023
|
| Témata: | |
| Příbuzné jednotky: | Z cyklu::
Družina Horských šelem |
| Tagy: |
Žádné tagy |
| LEADER | 02341nam a2200397 i 4500 | ||
|---|---|---|---|
| 001 | 312179 | ||
| 003 | CZ PrSKC | ||
| 005 | 20260601215718.0 | ||
| 007 | ta | ||
| 008 | 231101s2023 xr a g 000 f cze | ||
| 015 | |a cnb003564352 | ||
| 020 | |a 9788075513120 |q (brožováno) | ||
| 035 | |a (OCoLC)1416935052 | ||
| 040 | |a ABG001 |b cze |e rda | ||
| 072 | 7 | |a 821.162.3-3 |x Česká próza |2 Konspekt | |
| 080 | |a 821.162.3-31 |2 MRF | ||
| 080 | |a (0:82-312.9) |2 MRF | ||
| 100 | 1 | |a Eismann, Petr, |d 1981- |7 xx0246498 |4 aut | |
| 245 | 1 | 0 | |a Družina Horských šelem. |p Vpád Nekromantů / |c Petr Eismann |
| 246 | 3 | 0 | |a Vpád Nekromantů |
| 264 | 1 | |a Praha : |b Jonathan Livingston, |c 2023 | |
| 300 | |a 403 stran : |b ilustrace ; |c 17 cm | ||
| 336 | |a text |b txt |2 rdacontent | ||
| 337 | |a bez média |b n |2 rdamedia | ||
| 338 | |a svazek |b nc |2 rdacarrier | ||
| 520 | 2 | |a Pokračování české fantasy série, ve které se strhne válka mezi lidstvem a nemrtvými. Družina horských šelem má zachránit svět. |b Okovy, které držely pradávné zlo v ruinách Darak Helmu, byly přetrhány. Zatímco Jagh, Grult, Ranka a Koré prožívali nová dobrodružství na sluncem prozářeném povrchu, tak mocní nekromanti ve stínech prokletého města nabírali sil. Když už se zdá, že je vše na nejlepší cestě k nastolení trvalého míru, tak se z ruin prastarého města vyvalí zástupy nemrtvých. Getsko znovu zachvátí válečný běs. V ohrožení se nyní neocitají jen naši hrdinové, ale celý jejich svět. Podaří se silám řádu přemoci zákeřnou moc chaosu? Nakladatelská anotace. Kráceno. | |
| 655 | 7 | |a české romány |7 fd133974 |2 czenas | |
| 655 | 7 | |a fantasy romány |7 fd184199 |2 czenas | |
| 655 | 9 | |a Czech fiction |2 eczenas | |
| 655 | 9 | |a fantasy novels |2 eczenas | |
| 787 | 0 | 8 | |i Z cyklu: |t Družina Horských šelem |g 6 |
| 900 | |a ABA001 |b 21 | ||
| 044 | |a xr | ||
| 910 | |a RBIT002 | ||
| 998 | |d 390879 |a https://core.palmknihy.cz/api/books/390879/cover?s3o0dn |b https://core.palmknihy.cz/api/books/390879/cover/400?s3o0dn |c https://core.palmknihy.cz/api/books/390879/cover/50?s3o0dn |e 2028-11-30 |g 414 |i 9788075513120 |j https://core.palmknihy.cz/api/books/390879/preview.epub |k https://core.palmknihy.cz/api/books/390879/preview.pdf |l |q 49 |r 1 |s https://www.palmknihy.cz/kniha/390879 |t ebook |y 2023 |z 0 |v Družina Horských šelem |w 6 | ||
| 999 | |d 312177 | ||